Datum a čas kvízu

20.5 Celkem bodů Celkový počet nahraných bodů na tomto kvízu bez doplňovacích otázek.
7. Pořadí na kvízu Konečné umístění týmu na tomto kvízu.

Zaznamenané odpovědi

# Otázka Odpověď Body Výsledky
1. Který český politik a lékař če... Bohuslav Svoboda 0
2. Po ulicích jednoho středoslove... Liptovský Mikuláš 1
3. Jak se nazývá soutěžní reality... Peče celá země 1
4. Některé provozovny jistého řet... McDonald's 0
5. K zajímavému hecování došlo v... pizzu s ananasem 1
6. Téma začneme v Evropě. Seřaďte... 1D 2C 3A 4B 1
7. V čele kterého ostrovního stát... Kuba 1
8. Které z těchto zvířat nežije p... C 1
9. Jak se jmenuje nejlidnatější s... Indonésie, Jakarta 0
10. Jak se jmenuje ostrovní stát,... Papua Nová Guinea 0